000 00655nam a2200205 u 4500
001 000341049
003 AM-YeHGA
005 20250618072128.0
008 040607s1974 ai r 000 0 arm d
040 _aAM-YeHGA
041 0 _aarm
080 _aAp2
090 _aԱ-70
100 1 _aԱռաքելյան, Վազգեն Գևորգի,
_d1941-
_91983
245 1 0 _aԳարունը գյուղում :
_bԴպր. ցածր տարիքի համար /
_cՎ.Գ. Առաքելյան.
260 _aԵրևան :
_bՀայաստան,
_c1974.
300 _a32 էջ ;
_c17 սմ.
650 1 4 _aՄանկական գրականություն
_xՊոեզիա
090 _c130755
999 _c129391
_d129391